[Event "DVM U16 2018"]
[Site "Aurich GER"]
[Date "2018.12.27"]
[Round "1"]
[White "Dornieden, Jonas"]
[Black "Giannakoglou, Alexandros"]
[Result "1/2-1/2"]
[Termination "normal"]
[Board "9.4"]
[WhiteElo "1729"]
[BlackElo "1376"]
[WhiteTeam "SK Lehrte"]
[BlackTeam "SK Bebenhausen"]
[PlyCount "50"]
[WhiteFideId "1336460"]
[BlackFideId "4288580"]
[EventCountry "GER"]
[EventRounds "7"]
[EventType "team-swiss"]
[EventDate "2018.12.26"]

1. d4 f5 2. e3 Nf6 3. Be2 g6 4. h4 Bg7 5. h5 d6 6. b3 Bd7 7. Bb2 e6 8. Nc3 Nc6
9. hxg6 hxg6 10. Rxh8+ Bxh8 11. Nf3 Qe7 12. a3 O-O-O 13. Bb5 a6 14. Bxc6 Bxc6
15. Qe2 Ne4 16. O-O-O Nxc3 17. Bxc3 Bf6 18. Bb2 g5 19. Rg1 g4 20. Nd2 e5 21.
dxe5 dxe5 22. e4 Bg5 23. Rd1 Bxe4 24. f3 gxf3 25. gxf3 Bc6 1/2-1/2

[Event "DVM U16 2018"]
[Site "Aurich GER"]
[Date "2018.12.27"]
[Round "1"]
[White "Pölt, Christoph"]
[Black "Meier, Marlon"]
[Result "1/2-1/2"]
[Termination "normal"]
[Board "10.1"]
[WhiteElo "2075"]
[BlackElo "1935"]
[WhiteTeam "TV Tegernsee"]
[BlackTeam "SK Gernsbach"]
[PlyCount "65"]
[WhiteFideId "12960853"]
[BlackFideId "16238788"]
[EventCountry "GER"]
[EventRounds "7"]
[EventType "team-swiss"]
[EventDate "2018.12.26"]

1. d4 d5 2. c4 dxc4 3. e3 e5 4. Bxc4 exd4 5. exd4 Bd6 6. Nf3 Nf6 7. O-O O-O 8.
Nc3 Nc6 9. h3 h6 10. Re1 Bf5 11. Be3 a6 12. a3 Qd7 13. Rc1 Rad8 14. Bf1 Rfe8
15. b4 Ne4 16. Na4 a5 17. b5 Ne7 18. Nc5 Qc8 19. Qa4 Nd5 20. Nd3 Qe6 21. Nde5
Nb6 22. Qd1 Re7 23. Nc4 Nxc4 24. Bxc4 Qf6 25. Ra1 Bxh3 26. gxh3 Nc3 27. Qc2
Qxf3 28. Qxc3 Qxh3 29. Qd2 Bh2+ 30. Kh1 Bg3+ 31. Kg1 Bh2+ 32. Kh1 Bg3+ 33. Kg1
1/2-1/2

[Event "DVM U16 2018"]
[Site "Aurich GER"]
[Date "2018.12.27"]
[Round "1"]
[White "Brüstle, William"]
[Black "Schnegelberg, Christian"]
[Result "0-1"]
[Termination "normal"]
[Board "10.2"]
[WhiteElo "1416"]
[BlackElo "1836"]
[WhiteTeam "SK Gernsbach"]
[BlackTeam "TV Tegernsee"]
[PlyCount "76"]
[WhiteFideId "16260236"]
[BlackFideId "12994154"]
[EventCountry "GER"]
[EventRounds "7"]
[EventType "team-swiss"]
[EventDate "2018.12.26"]

1. e4 c5 2. Nf3 Nc6 3. d4 cxd4 4. Nxd4 g6 5. c4 Nf6 6. Nc3 Bg7 7. Be3 O-O 8. f3
d6 9. Be2 Bd7 10. O-O a6 11. a3 Qc7 12. Rc1 Nxd4 13. Bxd4 Rfc8 14. Qd2 Qd8 15.
Nd5 Nxd5 16. cxd5 Bxd4+ 17. Qxd4 Rc7 18. Qb6 Rac8 19. Kf2 Bb5 20. Rxc7 Qxc7 21.
Qxc7 Rxc7 22. Bxb5 axb5 23. Re1 Kf8 24. Ke3 Ke8 25. Kd2 Kd7 26. Rc1 Rxc1 27.
Kxc1 Kc7 28. Kc2 Kb6 29. Kc3 Kc5 30. b3 f6 31. g4 g5 32. h3 b4+ 33. axb4+ Kb5
34. Kb2 Kxb4 35. Kc2 Ka3 36. Kc3 b5 37. Kd4 Kxb3 38. e5 fxe5+ 0-1

[Event "DVM U16 2018"]
[Site "Aurich GER"]
[Date "2018.12.27"]
[Round "1"]
[White "von Freymann, Franz"]
[Black "Ganjali, Aska"]
[Result "1/2-1/2"]
[Termination "normal"]
[Board "10.3"]
[WhiteElo "1819"]
[BlackElo "1290"]
[WhiteTeam "TV Tegernsee"]
[BlackTeam "SK Gernsbach"]
[PlyCount "57"]
[WhiteFideId "12994014"]
[BlackFideId "16260201"]
[EventCountry "GER"]
[EventRounds "7"]
[EventType "team-swiss"]
[EventDate "2018.12.26"]

1. d4 d5 2. Bf4 Nf6 3. e3 e6 4. Nd2 Be7 5. Ngf3 Nbd7 6. h3 O-O 7. Bd3 Nh5 8.
Bh2 g6 9. c3 Bd6 10. g4 Ng7 11. Qc2 Re8 12. Ne5 Qf6 13. Ndf3 Bxe5 14. Nxe5 Nxe5
15. Bxe5 Qe7 16. O-O-O f6 17. Bg3 e5 18. dxe5 fxe5 19. f3 c5 20. b3 b6 21. Rdg1
Bb7 22. Qf2 Rf8 23. Be2 Rac8 24. Kb2 a6 25. Rd1 b5 26. Rhf1 Rcd8 27. f4 exf4
28. exf4 b4 29. cxb4 1/2-1/2

[Event "DVM U16 2018"]
[Site "Aurich GER"]
[Date "2018.12.27"]
[Round "1"]
[White "Armbruster, Franz"]
[Black "Dietlmeier, Tobias"]
[Result "0-1"]
[Termination "normal"]
[Board "10.4"]
[WhiteElo "1131"]
[BlackElo "1769"]
[WhiteTeam "SK Gernsbach"]
[BlackTeam "TV Tegernsee"]
[PlyCount "76"]
[WhiteFideId "16267354"]
[BlackFideId "16213963"]
[EventCountry "GER"]
[EventRounds "7"]
[EventType "team-swiss"]
[EventDate "2018.12.26"]

1. e4 c6 2. Nc3 d5 3. exd5 cxd5 4. d4 Nc6 5. Bb5 a6 6. Ba4 Nf6 7. Nf3 b5 8. Bb3
Bg4 9. Be3 e6 10. h3 Bh5 11. Qe2 Ne4 12. Nxb5 axb5 13. Qxb5 Qa5+ 14. Qxa5 Rxa5
15. Nd2 Nxd2 16. Bxd2 Ra6 17. Be3 Be7 18. O-O O-O 19. c4 Be2 20. cxd5 Bxf1 21.
Rxf1 exd5 22. Bxd5 Bf6 23. Bc4 Raa8 24. d5 Na5 25. b3 Nxc4 26. bxc4 Rxa2 27.
Rc1 Rfa8 28. Kh2 R8a3 29. Rb1 h6 30. c5 Be5+ 31. f4 Rxe3 32. fxe5 Rxe5 33. c6
Ree2 34. c7 Rxg2+ 35. Kh1 Rh2+ 36. Kg1 Rag2+ 37. Kf1 Rc2 38. d6 Rh1# 0-1

[Event "DVM U16 2018"]
[Site "Aurich GER"]
[Date "2018.12.27"]
[Round "2"]
[White "Engel, Luis"]
[Black "Krastev, Alexander"]
[Result "1/2-1/2"]
[Termination "normal"]
[Board "1.1"]
[WhiteTitle "IM"]
[WhiteElo "2466"]
[BlackElo "2323"]
[WhiteClock "00:36:26"]
[BlackClock "00:39:31"]
[WhiteTeam "Hamburger SK"]
[BlackTeam "Biebertaler SF"]
[PlyCount "60"]
[WhiteFideId "12961523"]
[BlackFideId "12989983"]
[EventCountry "GER"]
[EventRounds "7"]
[EventType "team-swiss"]
[EventDate "2018.12.26"]

1. e4 {[%clk 01:30:57]} {[%emt 00:00:03]} e5 {[%clk 01:30:43]} {[%emt
00:00:16]} 2. Nf3 {[%clk 01:31:22]} {[%emt 00:00:06]} Nc6 {[%clk 01:31:07]}
{[%emt 00:00:05]} 3. Bc4 {[%clk 01:31:47]} {[%emt 00:00:05]} Nf6 {[%clk
01:31:20]} {[%emt 00:00:18]} 4. d3 {[%clk 01:32:11]} {[%emt 00:00:06]} Bc5
{[%clk 01:30:22]} {[%emt 00:01:27]} 5. c3 {[%clk 01:32:35]} {[%emt 00:00:06]}
O-O {[%clk 01:30:08]} {[%emt 00:00:44]} 6. Nbd2 {[%clk 01:31:47]} {[%emt
00:01:18]} d5 {[%clk 01:30:28]} {[%emt 00:00:11]} 7. exd5 {[%clk 01:32:11]}
{[%emt 00:00:06]} Nxd5 {[%clk 01:30:53]} {[%emt 00:00:04]} 8. Ne4 {[%clk
01:32:25]} {[%emt 00:00:17]} Be7 {[%clk 01:31:17]} {[%emt 00:00:05]} 9. O-O
{[%clk 01:32:19]} {[%emt 00:00:37]} Bg4 {[%clk 01:28:52]} {[%emt 00:02:55]} 10.
h3 {[%clk 01:28:26]} {[%emt 00:04:23]} Bh5 {[%clk 01:29:12]} {[%emt 00:00:10]}
11. Ng3 {[%clk 01:25:49]} {[%emt 00:03:07]} Bg6 {[%clk 01:29:28]} {[%emt
00:00:14]} 12. Re1 {[%clk 01:25:49]} {[%emt 00:00:31]} Nb6 {[%clk 01:28:45]}
{[%emt 00:01:13]} 13. Bb5 {[%clk 01:25:17]} {[%emt 00:01:02]} Bd6 {[%clk
01:28:51]} {[%emt 00:00:24]} 14. h4 {[%clk 01:18:24]} {[%emt 00:07:23]} h6
{[%clk 01:24:50]} {[%emt 00:04:31]} 15. h5 {[%clk 01:15:32]} {[%emt 00:03:22]}
Bh7 {[%clk 01:25:15]} {[%emt 00:00:05]} 16. Bxc6 {[%clk 01:09:46]} {[%emt
00:06:16]} bxc6 {[%clk 01:25:37]} {[%emt 00:00:07]} 17. Nxe5 {[%clk 01:10:08]}
{[%emt 00:00:08]} Bxe5 {[%clk 01:23:53]} {[%emt 00:02:14]} 18. Rxe5 {[%clk
01:10:33]} {[%emt 00:00:06]} Qxd3 {[%clk 01:22:27]} {[%emt 00:01:55]} 19. Qxd3
{[%clk 01:09:40]} {[%emt 00:01:23]} Bxd3 {[%clk 01:22:51]} {[%emt 00:00:06]}
20. b3 {[%clk 01:05:55]} {[%emt 00:04:15]} Rfe8 {[%clk 01:19:30]} {[%emt
00:03:52]} 21. Rxe8+ {[%clk 01:05:07]} {[%emt 00:01:18]} Rxe8 {[%clk 01:19:54]}
{[%emt 00:00:05]} 22. Be3 {[%clk 01:04:21]} {[%emt 00:01:16]} Nd5 {[%clk
01:07:42]} {[%emt 00:12:42]} 23. Bd2 {[%clk 01:02:13]} {[%emt 00:02:38]} c5
{[%clk 00:56:36]} {[%emt 00:11:36]} 24. c4 {[%clk 01:01:16]} {[%emt 00:01:28]}
Nb4 {[%clk 00:56:40]} {[%emt 00:00:26]} 25. Bxb4 {[%clk 00:43:40]} {[%emt
00:18:06]} cxb4 {[%clk 00:56:52]} {[%emt 00:00:16]} 26. f3 {[%clk 00:43:32]}
{[%emt 00:00:39]} Kf8 {[%clk 00:50:25]} {[%emt 00:06:58]} 27. Rd1 {[%clk
00:41:54]} {[%emt 00:02:08]} Bh7 {[%clk 00:50:08]} {[%emt 00:00:47]} 28. Kf2
{[%clk 00:41:27]} {[%emt 00:00:56]} Re5 {[%clk 00:49:00]} {[%emt 00:01:38]} 29.
Rd2 {[%clk 00:38:05]} {[%emt 00:03:52]} Ke7 {[%clk 00:45:42]} {[%emt 00:03:48]}
30. Ne2 {[%clk 00:36:26]} {[%emt 00:02:10]} Ra5 {[%clk 00:39:31]} {[%emt
00:06:40]} 1/2-1/2

[Event "DVM U16 2018"]
[Site "Aurich GER"]
[Date "2018.12.27"]
[Round "2"]
[White "Pralle, Finnegan"]
[Black "Engel, Robert"]
[Result "0-1"]
[Termination "normal"]
[Board "1.2"]
[WhiteElo "1864"]
[BlackElo "2071"]
[WhiteClock "00:04:46"]
[BlackClock "00:06:38"]
[WhiteTeam "Biebertaler SF"]
[BlackTeam "Hamburger SK"]
[PlyCount "86"]
[WhiteFideId "12986615"]
[BlackFideId "12974684"]
[EventCountry "GER"]
[EventRounds "7"]
[EventType "team-swiss"]
[EventDate "2018.12.26"]

1. e4 {[%clk 01:30:53]} {[%emt 00:00:06]} c5 {[%clk 01:30:53]} {[%emt
00:00:07]} 2. Nc3 {[%clk 01:31:18]} {[%emt 00:00:05]} a6 {[%clk 01:31:16]}
{[%emt 00:00:08]} 3. g3 {[%clk 01:30:42]} {[%emt 00:01:05]} b5 {[%clk
01:31:42]} {[%emt 00:00:05]} 4. Bg2 {[%clk 01:30:56]} {[%emt 00:00:15]} Bb7
{[%clk 01:32:04]} {[%emt 00:00:08]} 5. d3 {[%clk 01:30:31]} {[%emt 00:00:55]}
e6 {[%clk 01:32:17]} {[%emt 00:00:17]} 6. f4 {[%clk 01:25:55]} {[%emt
00:05:07]} b4 {[%clk 01:31:43]} {[%emt 00:01:05]} 7. Nb1 {[%clk 01:21:32]}
{[%emt 00:04:52]} d5 {[%clk 01:31:28]} {[%emt 00:00:46]} 8. Nd2 {[%clk
01:21:03]} {[%emt 00:00:58]} Nc6 {[%clk 01:29:11]} {[%emt 00:02:47]} 9. Ngf3
{[%clk 01:20:53]} {[%emt 00:00:40]} Be7 {[%clk 01:29:02]} {[%emt 00:00:39]} 10.
O-O {[%clk 01:17:23]} {[%emt 00:04:00]} Nf6 {[%clk 01:28:58]} {[%emt 00:00:34]}
11. c4 {[%clk 01:11:17]} {[%emt 00:06:36]} bxc3 {[%clk 01:07:55]} {[%emt
00:21:34]} 12. bxc3 {[%clk 01:11:26]} {[%emt 00:00:20]} h5 {[%clk 00:58:57]}
{[%emt 00:09:28]} 13. Rb1 {[%clk 01:09:54]} {[%emt 00:02:02]} Rb8 {[%clk
00:58:15]} {[%emt 00:01:12]} 14. c4 {[%clk 01:07:13]} {[%emt 00:03:11]} Ng4
{[%clk 00:45:44]} {[%emt 00:13:01]} 15. Qa4 {[%clk 01:01:53]} {[%emt 00:05:50]}
Qd7 {[%clk 00:42:11]} {[%emt 00:04:04]} 16. cxd5 {[%clk 01:00:43]} {[%emt
00:01:39]} exd5 {[%clk 00:42:29]} {[%emt 00:00:12]} 17. exd5 {[%clk 01:00:15]}
{[%emt 00:00:58]} Nb4 {[%clk 00:42:14]} {[%emt 00:00:45]} 18. Qxd7+ {[%clk
01:00:00]} {[%emt 00:00:45]} Kxd7 {[%clk 00:42:40]} {[%emt 00:00:05]} 19. Ne5+
{[%clk 00:53:13]} {[%emt 00:07:16]} Nxe5 {[%clk 00:40:09]} {[%emt 00:03:02]}
20. fxe5 {[%clk 00:53:36]} {[%emt 00:00:06]} Bxd5 {[%clk 00:39:34]} {[%emt
00:01:05]} 21. Bxd5 {[%clk 00:53:27]} {[%emt 00:00:40]} Nxd5 {[%clk 00:39:56]}
{[%emt 00:00:07]} 22. Rxf7 {[%clk 00:52:38]} {[%emt 00:01:19]} Rxb1 {[%clk
00:39:41]} {[%emt 00:00:45]} 23. Nxb1 {[%clk 00:52:59]} {[%emt 00:00:09]} Rg8
{[%clk 00:39:20]} {[%emt 00:00:51]} 24. Rf2 {[%clk 00:48:53]} {[%emt 00:04:36]}
Ke6 {[%clk 00:37:08]} {[%emt 00:02:42]} 25. Re2 {[%clk 00:48:34]} {[%emt
00:00:49]} Nb4 {[%clk 00:34:26]} {[%emt 00:03:12]} 26. Be3 {[%clk 00:34:32]}
{[%emt 00:14:32]} Nxd3 {[%clk 00:33:35]} {[%emt 00:01:21]} 27. Na3 {[%clk
00:32:21]} {[%emt 00:02:41]} Kd5 {[%clk 00:29:17]} {[%emt 00:04:48]} 28. e6
{[%clk 00:25:18]} {[%emt 00:07:33]} c4 {[%clk 00:29:39]} {[%emt 00:00:08]} 29.
Nc2 {[%clk 00:25:21]} {[%emt 00:00:27]} Bf6 {[%clk 00:27:51]} {[%emt 00:02:18]}
30. Bf4 {[%clk 00:22:11]} {[%emt 00:03:40]} Re8 {[%clk 00:18:19]} {[%emt
00:10:03]} 31. Ne3+ {[%emt 00:02:34]} Kc5 32. Nc2 {[%clk 00:18:39]} {[%emt
00:01:57]} g5 {[%clk 00:12:47]} {[%emt 00:06:32]} 33. Be3+ {[%clk 00:14:56]}
{[%emt 00:04:13]} Kd5 {[%clk 00:12:05]} {[%emt 00:01:12]} 34. Bf2 {[%clk
00:11:56]} {[%emt 00:03:28]} Rxe6 {[%clk 00:11:14]} {[%emt 00:01:22]} 35. Rxe6
{[%clk 00:12:09]} {[%emt 00:00:17]} Kxe6 {[%clk 00:11:35]} {[%emt 00:00:09]}
36. Kf1 {[%clk 00:12:07]} {[%emt 00:00:32]} a5 {[%clk 00:10:09]} {[%emt
00:01:57]} 37. Be1 {[%clk 00:10:24]} {[%emt 00:02:13]} c3 {[%clk 00:08:57]}
{[%emt 00:01:42]} 38. Bf2 {[%clk 00:06:07]} {[%emt 00:04:47]} Kd5 {[%clk
00:06:08]} {[%emt 00:03:19]} 39. Be3 {[%clk 00:04:05]} {[%emt 00:02:31]} Nb4
{[%clk 00:06:20]} {[%emt 00:00:18]} 40. Nxb4+ {[%clk 00:04:27]} {[%emt
00:00:08]} axb4 {[%clk 00:06:47]} {[%emt 00:00:04]} 41. Ke2 {[%clk 00:04:49]}
{[%emt 00:00:08]} Kc4 {[%clk 00:06:26]} {[%emt 00:00:50]} 42. Bc1 {[%clk
00:04:59]} {[%emt 00:00:20]} g4 {[%clk 00:06:19]} {[%emt 00:00:37]} 43. Bf4
{[%clk 00:04:46]} {[%emt 00:00:43]} Bd4 {[%clk 00:06:38]} {[%emt 00:00:12]} 0-1

[Event "DVM U16 2018"]
[Site "Aurich GER"]
[Date "2018.12.27"]
[Round "2"]
[White "Meyling, Lennart"]
[Black "Engert, Kiyan"]
[Result "1-0"]
[Termination "normal"]
[Board "1.3"]
[WhiteElo "1992"]
[BlackElo "1718"]
[WhiteClock "00:37:37"]
[BlackClock "00:10:02"]
[WhiteTeam "Hamburger SK"]
[BlackTeam "Biebertaler SF"]
[PlyCount "59"]
[WhiteFideId "12947130"]
[BlackFideId "16214870"]
[EventCountry "GER"]
[EventRounds "7"]
[EventType "team-swiss"]
[EventDate "2018.12.26"]

1. d4 {[%clk 01:30:58]} {[%emt 00:00:01]} Nf6 {[%clk 01:30:53]} {[%emt
00:00:08]} 2. Bg5 {[%clk 01:31:14]} {[%emt 00:00:14]} e6 {[%clk 01:30:12]}
{[%emt 00:01:10]} 3. c4 {[%clk 01:31:25]} {[%emt 00:00:19]} b6 {[%clk
01:29:18]} {[%emt 00:01:25]} 4. Nc3 {[%clk 01:28:55]} {[%emt 00:03:00]} Bb7
{[%clk 01:29:01]} {[%emt 00:00:47]} 5. e3 {[%clk 01:25:14]} {[%emt 00:04:11]}
d5 {[%clk 01:27:12]} {[%emt 00:02:18]} 6. cxd5 {[%clk 01:25:27]} {[%emt
00:00:17]} exd5 {[%clk 01:27:33]} {[%emt 00:00:09]} 7. Nf3 {[%clk 01:25:16]}
{[%emt 00:00:41]} Be7 {[%clk 01:27:14]} {[%emt 00:00:49]} 8. Bd3 {[%clk
01:25:06]} {[%emt 00:00:40]} O-O {[%clk 01:26:48]} {[%emt 00:00:56]} 9. O-O
{[%clk 01:25:27]} {[%emt 00:00:10]} h6 {[%clk 01:25:50]} {[%emt 00:01:29]} 10.
Bf4 {[%clk 01:25:42]} {[%emt 00:00:14]} Nh5 {[%clk 01:22:19]} {[%emt 00:04:00]}
11. Be5 {[%clk 01:22:37]} {[%emt 00:03:35]} Nd7 {[%clk 01:21:08]} {[%emt
00:01:41]} 12. Nd2 {[%clk 01:18:35]} {[%emt 00:04:32]} Nhf6 {[%clk 01:10:36]}
{[%emt 00:11:03]} 13. Bg3 {[%clk 01:18:32]} {[%emt 00:00:33]} Rc8 {[%clk
01:10:15]} {[%emt 00:00:51]} 14. Rc1 {[%clk 01:18:22]} {[%emt 00:00:38]} c6
{[%clk 01:02:59]} {[%emt 00:07:48]} 15. f3 {[%clk 01:14:19]} {[%emt 00:04:32]}
Re8 {[%clk 00:59:01]} {[%emt 00:04:28]} 16. Bf5 {[%clk 01:10:14]} {[%emt
00:04:35]} Nh5 {[%clk 00:45:31]} {[%emt 00:14:01]} 17. e4 {[%clk 00:55:04]}
{[%emt 00:15:40]} Nxg3 {[%clk 00:44:32]} {[%emt 00:01:28]} 18. hxg3 {[%clk
00:52:24]} {[%emt 00:03:11]} Bd6 {[%clk 00:38:56]} {[%emt 00:06:05]} 19. e5
{[%clk 00:51:55]} {[%emt 00:00:59]} Bf8 {[%clk 00:29:07]} {[%emt 00:10:19]} 20.
f4 {[%clk 00:47:29]} {[%emt 00:04:56]} c5 {[%clk 00:27:35]} {[%emt 00:02:02]}
21. Qg4 {[%clk 00:45:54]} {[%emt 00:02:06]} Re7 {[%clk 00:23:18]} {[%emt
00:04:47]} 22. e6 {[%clk 00:45:00]} {[%emt 00:01:24]} Nf6 {[%clk 00:22:02]}
{[%emt 00:01:46]} 23. exf7+ {[%clk 00:44:33]} {[%emt 00:00:57]} Kxf7 {[%clk
00:21:45]} {[%emt 00:00:47]} 24. Qg6+ {[%clk 00:44:50]} {[%emt 00:00:13]} Kg8
{[%clk 00:22:05]} {[%emt 00:00:09]} 25. Bxc8 {[%clk 00:42:14]} {[%emt
00:03:06]} Qxc8 {[%clk 00:21:55]} {[%emt 00:00:40]} 26. Nf3 {[%clk 00:41:02]}
{[%emt 00:01:42]} Re8 {[%clk 00:13:58]} {[%emt 00:08:28]} 27. Ne5 {[%clk
00:40:20]} {[%emt 00:01:12]} Qe6 {[%clk 00:11:11]} {[%emt 00:03:17]} 28. Nb5
{[%clk 00:39:16]} {[%emt 00:01:34]} Bd6 {[%clk 00:09:41]} {[%emt 00:02:00]} 29.
Nxd6 {[%clk 00:37:18]} {[%emt 00:02:27]} Qxd6 {[%clk 00:10:02]} {[%emt
00:00:09]} 30. Qf7+ {[%clk 00:37:37]} {[%emt 00:00:11]} 1-0

[Event "DVM U16 2018"]
[Site "Aurich GER"]
[Date "2018.12.27"]
[Round "2"]
[White "Grunwald, Jonathan"]
[Black "Foo, Tzun Hong"]
[Result "0-1"]
[Termination "normal"]
[Board "1.4"]
[WhiteElo "1716"]
[BlackElo "1896"]
[WhiteClock "00:04:45"]
[BlackClock "00:13:02"]
[WhiteTeam "Biebertaler SF"]
[BlackTeam "Hamburger SK"]
[PlyCount "64"]
[WhiteFideId "12955744"]
[BlackFideId "12974200"]
[EventCountry "GER"]
[EventRounds "7"]
[EventType "team-swiss"]
[EventDate "2018.12.26"]

1. e4 {[%clk 01:30:57]} {[%emt 00:00:02]} c5 {[%clk 01:30:49]} {[%emt
00:00:12]} 2. Nc3 {[%clk 01:31:16]} {[%emt 00:00:11]} a6 {[%clk 01:31:10]}
{[%emt 00:00:09]} 3. f4 {[%clk 01:31:13]} {[%emt 00:00:33]} b5 {[%clk
01:30:54]} {[%emt 00:00:46]} 4. Nf3 {[%clk 01:30:11]} {[%emt 00:01:32]} Bb7
{[%clk 01:31:09]} {[%emt 00:00:15]} 5. d3 {[%clk 01:29:14]} {[%emt 00:01:27]}
e6 {[%clk 01:30:00]} {[%emt 00:01:39]} 6. g3 {[%clk 01:27:25]} {[%emt
00:02:18]} Nf6 {[%clk 01:26:29]} {[%emt 00:04:02]} 7. Bg2 {[%clk 01:23:14]}
{[%emt 00:04:39]} d5 {[%clk 01:25:27]} {[%emt 00:01:33]} 8. e5 {[%clk
01:14:03]} {[%emt 00:09:41]} Nfd7 {[%clk 01:25:41]} {[%emt 00:00:16]} 9. O-O
{[%clk 01:13:09]} {[%emt 00:01:24]} Nc6 {[%clk 01:25:29]} {[%emt 00:00:43]} 10.
Qe1 {[%clk 00:50:39]} {[%emt 00:22:59]} Nb6 {[%clk 01:24:40]} {[%emt 00:01:20]}
11. f5 {[%clk 00:41:38]} {[%emt 00:09:31]} Be7 {[%clk 01:21:58]} {[%emt
00:03:12]} 12. fxe6 {[%clk 00:38:01]} {[%emt 00:04:07]} fxe6 {[%clk 01:22:15]}
{[%emt 00:00:12]} 13. Bh3 {[%clk 00:36:21]} {[%emt 00:02:10]} Qd7 {[%clk
01:22:08]} {[%emt 00:00:38]} 14. Ng5 {[%clk 00:35:47]} {[%emt 00:01:04]} Bxg5
{[%clk 01:22:05]} {[%emt 00:00:34]} 15. Bxg5 {[%clk 00:36:11]} {[%emt
00:00:05]} h6 {[%clk 01:22:21]} {[%emt 00:00:14]} 16. Bd2 {[%clk 00:35:54]}
{[%emt 00:00:46]} O-O-O {[%clk 01:20:36]} {[%emt 00:02:16]} 17. Qf2 {[%clk
00:33:57]} {[%emt 00:02:26]} Rhe8 {[%clk 01:09:06]} {[%emt 00:12:02]} 18. Qxc5
{[%clk 00:32:41]} {[%emt 00:01:45]} Qc7 {[%clk 01:05:03]} {[%emt 00:04:33]} 19.
Qf2 {[%clk 00:27:21]} {[%emt 00:05:50]} d4 {[%clk 01:01:23]} {[%emt 00:04:10]}
20. Ne2 {[%clk 00:22:44]} {[%emt 00:05:06]} Qxe5 {[%clk 00:57:54]} {[%emt
00:04:00]} 21. Rae1 {[%clk 00:21:30]} {[%emt 00:01:44]} Qd6 {[%clk 00:47:11]}
{[%emt 00:11:13]} 22. Bf4 {[%clk 00:18:58]} {[%emt 00:03:00]} Qd7 {[%clk
00:41:23]} {[%emt 00:06:19]} 23. c3 {[%clk 00:16:15]} {[%emt 00:03:13]} g5
{[%clk 00:39:46]} {[%emt 00:02:08]} 24. Bc1 {[%clk 00:13:56]} {[%emt 00:02:49]}
Ne5 {[%clk 00:32:04]} {[%emt 00:08:12]} 25. Nxd4 {[%clk 00:13:03]} {[%emt
00:01:23]} Nxd3 {[%clk 00:27:22]} {[%emt 00:05:12]} 26. Qf6 {[%clk 00:12:39]}
{[%emt 00:00:53]} Nxe1 {[%clk 00:18:42]} {[%emt 00:09:10]} 27. Nxe6 {[%clk
00:11:51]} {[%emt 00:01:19]} Nd5 {[%clk 00:17:42]} {[%emt 00:01:30]} 28. Qe5
{[%clk 00:10:14]} {[%emt 00:02:07]} Nd3 {[%clk 00:16:18]} {[%emt 00:01:54]} 29.
Qd4 {[%clk 00:06:07]} {[%emt 00:04:37]} Nxc1 {[%clk 00:12:54]} {[%emt
00:03:54]} 30. Qc5+ {[%clk 00:05:09]} {[%emt 00:01:29]} Kb8 {[%clk 00:13:10]}
{[%emt 00:00:14]} 31. Nxd8 {[%clk 00:04:59]} {[%emt 00:00:40]} Ne2+ {[%clk
00:13:02]} {[%emt 00:00:38]} 32. Kf2 {[%clk 00:04:45]} {[%emt 00:00:44]} Qxd8
{[%emt 00:02:50]} 0-1